| 000 | 00356nam a2200145Ia 4500 | ||
|---|---|---|---|
| 008 | 150201s1987 xx 000 0 und d | ||
| 082 |
_a617.575 _bL1987R |
||
| 100 | _aROBERT,D.H. | ||
| 245 | _aLOCAL ANESTHESIA IN DENTISTRY | ||
| 250 | _a3RD | ||
| 260 |
_bWRIGHT PUBLICATION _aOXFORD _c1987 |
||
| 300 | _a1-176 | ||
| 650 | _aORAL SURGERY | ||
| 942 |
_2ddc _cBK |
||
| 999 |
_c3332 _d3332 |
||